ბათუმის შოთა რუსთაველის სახელმწიფო უნივერსიტეტის ბიბლიოთეკა

ცხოვრება მეფისა გიორგი მეცამეტისა:აღწერილი პლატონ ევგენის ძის იოსელიანისაგან. (ბიბ.ჩანაწერი № 42086)

000 -LEADER
fixed length control field 01273nam a2200229Ia 4500
001 - CONTROL NUMBER
control field 8776
003 - CONTROL NUMBER IDENTIFIER
control field GE_BSU
008 - FIXED-LENGTH DATA ELEMENTS--GENERAL INFORMATION
fixed length control field 181216s||||||||xx |||||||||||||| ||und||
040 ## - CATALOGING SOURCE
Transcribing agency GE_BSU
080 ## - UNIVERSAL DECIMAL CLASSIFICATION NUMBER
Universal Decimal Classification number 94(479.22)"17"+929.731(479.22)
100 ## - MAIN ENTRY--PERSONAL NAME
Personal name იოსელიანი,პლატონ
245 ## - TITLE STATEMENT
Title ცხოვრება მეფისა გიორგი მეცამეტისა:აღწერილი პლატონ ევგენის ძის იოსელიანისაგან.
245 ## - TITLE STATEMENT
Statement of responsibility, etc. რედ:აკ.გაწერელია; მხატვ:ჯ.ჭეიშვილი.
260 ## - PUBLICATION, DISTRIBUTION, ETC.
Place of publication, distribution, etc. თბილისი.
260 ## - PUBLICATION, DISTRIBUTION, ETC.
Name of publisher, distributor, etc. საბჭ.საქართველო.
260 ## - PUBLICATION, DISTRIBUTION, ETC.
Date of publication, distribution, etc. 1978.
300 ## - PHYSICAL DESCRIPTION
Extent 267გვ;20სმ.
300 ## - PHYSICAL DESCRIPTION
Dimensions წიგნი აღწერილია გარეკანის მიხედვით.ბიბლიოგრ. ტექსტ. შენიშვნ.
653 ## - INDEX TERM--UNCONTROLLED
Uncontrolled term საქართველოს მეფეები
653 ## - INDEX TERM--UNCONTROLLED
Uncontrolled term ცხოვრება მეფისა გიორგი მეცამეტისა:აღწერილი პლატონ ევგენის ძის იოსელიანისაგან.
942 ## - ADDED ENTRY ELEMENTS (KOHA)
Koha item type წიგნი
ეგზემპლარები
Withdrawn status Lost status Damaged status Not for loan Date acquired Barcode Date last seen Price effective from Koha item type
        2018-12-17 31118 2018-12-17 2018-12-17 წიგნი